Statistics for Genetics, populations, evolution and ecosystems.

Click here to take the quiz!

General Stats

  • This quiz has been taken 45 times
  • The average score is 6 of 20

Answer Stats

HintAnswer% Correct
Form of nuclear division produces 4 gametesMeiosis
78%
All the living and non living components of a particular areaEcosystem
73%
The place where an organism normally lives and which is characterised by physical conditions and the types of other organisms presentHabitat
68%
A mathematical equation that can be used to calculate the frequencies of the alleles of a particular gene in a population.Hardy weinberg
38%
When one animal is consumed by an organismPredation
38%
Takes place in small populations, resulting in reduction in genetic diversity.Genetic drift
32%
The total mass of living material, normally measured in a specific area over a given period of timeBiomass
30%
Competition among individuals of the same speciesIntraspecific
30%
Factors that influence population size that are not organismsAbiotic
27%
Speciation that occurs due to geographic boundariesAllopatric
27%
Selection that tends to eliminate the extremes of the phenotypesStabilising
27%
Type of selection that favours individuals with extreme PhenotypesDisruptive
22%
Square structure used to measure species frequenciesQuadrat
19%
The range and variety of genes, species and habitats within a particular regionBiodiversity
14%
All the living organisms present in an ecosystem at a given timeCommunity
14%
The process by which living organisms return to an area after a natural disasterSuccession
8%
The end-stage in the evolution of a plant communityClimax
5%
The management of the Earth's natural resources by humans in such a way that the maximum use of them can be made in the futureConservation
5%
A variable rate that limits the rate of a chemical reactionLimiting factors
3%
The environmental force altering the frequency of alleles in a populationSelection pressure
0%

Score Distribution

Percentile by Number Answered

Percent of People with Each Score

Your Score History

You have not taken this quiz